LEADER 00858nam0-2200301 --450 001 9910546700603321 005 20220310090133.0 010 $a978-88-339-2992-7 020 $aIT$b2018-7768 100 $a20220310d2018----kmuy0itay5050 ba 101 1 $aita$cfre 102 $aIT 105 $ay 001yy 200 1 $aContro i bei tempi andati$fMichel Serres$gtraduzione di Chiara Tartarini 210 $aTorino$cBollati Boringhieri$d2018 215 $a73 p.$d20 cm 225 1 $aTemi$v278 610 0 $aTradizionalismo 676 $a148$v21$zita 700 1$aSerres,$bMichel$f<1930- >$050511 702 1$aTartarini,$bChiara 801 0$aIT$bUNINA$gREICAT$2UNIMARC 901 $aBK 912 $a9910546700603321 952 $aCOLLEZ. 1219 (278)$b3346/2021$fFSPBC 959 $aFSPBC 996 $aContro i bei tempi andati$91559769 997 $aUNINA